15 Największych Miast Europy Zachodniej - Statystyki

Ogólne statystyki
  • Ten quiz został rozwiązany 60 razy
    40 od ostatniego zresetowania
  • Średni wynik to 12 z 15
Odpowiedzi na mapie
Odpowiedzi zakodowano w zielono-czerwonej skali na mapie do tego quizu, zgodnie z poniższymi procentami.
 
Statystyki odpowiedzi
Państwo Miasto Populacja % Poprawnych
Niderlandy Amsterdam 1,1 mln
100%
Belgia Bruksela 1,9 mln
100%
Francja Paryż 2,1 mln
100%
Francja Marsylia 870k
96%
Niderlandy Haga 850k
92%
Szwajcaria Zurych 430k
92%
Francja Lyon 520k
88%
Niderlandy Rotterdam 870k
80%
Belgia Antwerpia 1 mln
76%
Francja Nicea 350k
76%
Francja Tuluza 500k
64%
Belgia Liege 550k
60%
Belgia Gandawa 430k
56%
Niderlandy Utrecht 400k
48%
Belgia Charleroi 360k
24%
Nie znaleziono quizów pasujących do podanych kryteriów
Rozkład punktacji
Procent ludzi z każdym wynikiem
Percentyl według liczby udzielonych odpowiedzi
Twoja historia wyników
Nie rozwiązałeś tego quizu od ostatniego zresetowania